000 02575cam a2200493 i 4500
001 200468150
003 TR-AnTOB
005 20260416141333.0
007 ta
008 260416t19841984mauc b 001 0 eng
010 _a 83018472
016 7 _a000002918813
_2AU
020 _a080577422X
020 _a9780805774221
020 _a0805774297
_q(paperback)
020 _a9780805774290
_q(paperback)
035 _a(CLU)1086866-ucladb-Voyager
035 _a(OCoLC)09945027
_z(OCoLC)877167547
_z(OCoLC)1058377004
_z(OCoLC)1201930581
_z(OCoLC)1334635631
035 _a(OCoLC)ocm09945027
035 _a(EXLNZ-01UCS_NETWORK)9912762678406531
035 _a(TR-AnTOB)200468150
040 _aDLC
_beng
_erda
_cDLC
_dBAKER
_dBTCTA
_dYDXCP
_dAU@
_dNIALS
_dILC
_dDEBBG
_dEUM
_dOCLCF
_dOCLCQ
_dLET
_dIOL
_dBRL
_dJDP
_dOCLCO
_dBOS
_dX$@
_dTYC
_dOCLCA
_dOIP
_dOCLCL
_dLWA
_dOCLCO
_dOCLCL
_dTR-AnTOB
041 0 _aeng
050 0 0 _aPS3571.P4
_bZ64 1984
090 _aPS3571.P4
_bZ64 1984
100 1 _aDetweiler, Robert
_eauthor
_4aut
_0http://id.loc.gov/authorities/names/n79018180
_9153735
245 1 0 _aJohn Updike /
_cby Robert Detweiler.
250 _aFirst paperback edition.
264 1 _aBoston :
_bTwayne Publishers,
_c1984.
264 4 _c©1984
300 _a200 pages :
_bportrait ;
_c21 cm
336 _atext
_btxt
_2rdacontent
337 _aunmediated
_bn
_2rdamedia
338 _avolume
_bnc
_2rdacarrier
490 0 _aTwayne's United States authors series ;
_vTUSAS 481
504 _aBIBINDX
505 0 _aJohn Updike: out of the ordinary -- The same door: unexpected gifts -- The poorhouse fair: the godless city of God -- Rabbit, run: the quest for a vanished grail -- Pigeon feathers: the design of design -- The centaur: guilt through redemption -- Of the farm: the failed poet and the urban Earth mother -- The music school: strange chords and strained cords -- Couples: Tristan and Don Juan in Tarbox -- Bech: a book: the Protestant as Jew -- Rabbit redux: the space beyond myth -- More fiction of the seventies: the exertions of Eros -- Problems, and, Too far to go: love above the void -- Rabbit is rich, and, Bech is back: sequels and success.
520 _aExamines the texture and structure of Updike's writing, with special attention to the metaphoric language, above all the image patterns, that mark his style.
600 1 0 _aUpdike, John
_xCriticism and interpretation
_9153736
655 7 _aLiterary criticism
_2lcgft
_0http://id.loc.gov/authorities/genreForms/gf2017026126
_9153224
942 _2lcc
_cBK
999 _c200468150
_d86362